000 01648nam a22002177a 4500
005 20260513150529.0
008 260507b |||||||| |||| 00| 0 eng d
020 _a9789358402094
040 _cAL
041 _aEnglish
082 _a657.42
_bMADS
100 _aJ Madegowda
_9263919
245 _aStrategic cost management
260 _aMumbai
_bHimalaya Publishing House
_c2024
300 _ax,590p.
_bPB
_c28x22 cm
365 _a6831
_b₹796.00
_c
_d₹995.00
_e20%
_f14-03-2026
520 _aThis book, “Strategic Cost Management”, addresses the lack of literature in academic programs by offering a comprehensive guidance. After introducing the foundational aspects Cost Accounting, the book discusses comprehensively 15 key tools and techniques of Strategic Cost Management such as Activity-Based Costing, Target Costing, Balanced Scorecard, etc. Emphasizing practical application, each concept is analysed with relevant examples. The book aims to bridge theory with real-world relevance, making it a valuable resource for students, faculty members and practitioners seeking a deeper understanding of Strategic Cost Management. CONTENTS: – 1: Introduction – Cost Ascertainment to Strategic Cost Management 2: Activity-Based Costing 3: Life Cycle Costing 4: Target Costing 5: Learning Curve Theory 6: Pricing – Strategies, Policies and Methods 7: Transfer Pricing 8: JIT Policy 9: TQM and Quality Costs 10: Balanced Score Card 11: Theory of Constraints 12: Throughput Accounting 13: Miscellaneous Tools and Techniques of SCM
650 _aCost Accounting
_9263539
700 _aGowda, Inchara P M
_9263527
942 _2ddc
_cBK
999 _c241410
_d241410